书目信息 |
| 题名: |
好故事胜过千万营销高手
|
|
| 作者: | 伍英 著 | |
| 分册: | ||
| 出版信息: | 北京 中国商业出版社 2017 |
|
| 页数: | 262页 | |
| 开本: | 24cm | |
| 丛书名: | ||
| 单 册: | ||
| 中图分类: | F713.50 | |
| 科图分类: | ||
| 主题词: | 市场营销学 | |
| 电子资源: | ||
| ISBN: | 978-7-5044-9573-0 | |
| 000 | 00919nam0 2200229 450 | |
| 001 | 012001000931 | |
| 005 | 20140920091302.0 | |
| 010 | @a978-7-5044-9573-0@b精装@dCNY78.00 | |
| 100 | @a20170905d2017 em y0chiy50 ea | |
| 101 | 0 | @achi |
| 102 | @aCN@b110000 | |
| 105 | @aa z 000yy | |
| 106 | @ar | |
| 200 | 1 | @a好故事胜过千万营销高手@9Hao Gu Shi Sheng Guo Qian Wan Ying Xiao Gao Shou@f伍英著 |
| 210 | @a北京@c中国商业出版社@d2017 | |
| 215 | @a262页@c彩照@d24cm | |
| 330 | @a本书全面阐述了如何让“巨人”的光芒散发出更大的光芒,把“准巨人”推送到“真巨人”的道路上。丰富多彩的内容、时尚前卫的词藻、真实感人的案例无一不证实了故事营销能为故事的主角赢来无尽的掌声和光环,让他穿越时空,鲜活地留在一代又一代读者的记忆里……看完这本书,你会发现,它真的做得到! | |
| 606 | 0 | @a市场营销学 |
| 690 | @aF713.50@v5 | |
| 701 | 0 | @a伍英@9Wu Ying@4著 |
| 801 | 0 | @aCN@b上海新华@c20180901 |
| 905 | @b1155577-81@dF713.50@e1029@f5 | |
| 好故事胜过千万营销高手/伍英著.-北京:中国商业出版社,2017 |
| 262页:彩照;24cm |
| ISBN 978-7-5044-9573-0(精装):CNY78.00 |
| 本书全面阐述了如何让“巨人”的光芒散发出更大的光芒,把“准巨人”推送到“真巨人”的道路上。丰富多彩的内容、时尚前卫的词藻、真实感人的案例无一不证实了故事营销能为故事的主角赢来无尽的掌声和光环,让他穿越时空,鲜活地留在一代又一代读者的记忆里……看完这本书,你会发现,它真的做得到! |
| ● |
| 相关链接 |
|
|
|
|
正题名:好故事胜过千万营销高手
索取号:F713.50/1029
 
预约/预借
| 序号 | 登录号 | 条形码 | 馆藏地/架位号 | 状态 | 备注 |
| 1 | 1155577 | 211555770 | 第一样本阅览室/ [索取号:F713.50/1029] | 在馆 | |
| 2 | 1155578 | 211555789 | 第一借阅区/ [索取号:F713.50/1029] | 在馆 | |
| 3 | 1155579 | 211555798 | 密集书库-海洋学院/ [索取号:F713.50/1029] | 在馆 | |
| 4 | 1155580 | 211555805 | 第一借阅区/ [索取号:F713.50/1029] | 在馆 | |
| 5 | 1155581 | 211555814 | 第一借阅区/ [索取号:F713.50/1029] | 在馆 |